| 000 | 00865cam a22002655a 4500 | ||
|---|---|---|---|
| 001 | 17689254 | ||
| 005 | 20151115120747.0 | ||
| 008 | 130408s2013 enka frb 001 0 eng d | ||
| 020 | _a9781444320251 (pbk.) | ||
| 040 |
_aDLC _beng _cDLC _dEG-ScBUE _dEG-ScBUE |
||
| 082 | 0 | 4 |
_a660.281 _bMOU _222 |
| 100 | 1 |
_aMoulijn, Jacob A. _938737 |
|
| 245 | 1 | 0 |
_aChemical process technology / _cJacob A. Moulijin, Michiel Makkee, Annelies E. van Diepen. |
| 250 | _a2nd ed. | ||
| 260 |
_aWest Sussex : _bJohn Wiley & Sons Ltd, _c2013. |
||
| 300 |
_axiv, 552 p. : _bill. ; _c25 cm. |
||
| 500 | _aIndex : p. 539-552. | ||
| 504 | _aIncludes bibliographical references. | ||
| 650 | 0 |
_aChemical processes. _2BUEsh |
|
| 651 | _2BUEsh | ||
| 653 |
_bENGCHE _cAugust2015 _cNovember2015 |
||
| 700 | 1 | _aMakkee, Michiel. | |
| 700 | 1 | _aDiepen, Annelies van. | |
| 942 |
_2ddc _k660.281 MOU |
||
| 999 |
_c20752 _d20724 |
||